Statystyki dla Imiona żeńskie nadane dzieciom w Polsce w 2022 r.

Kliknij tutaj aby rozwiązać quiz!

Ogólne statystyki

  • Ten quiz został rozwiązany 276 razy
  • Średni wynik to 54 z 100

Statystyki odpowiedzi

liczbaimię% Poprawnych
241965Anna
94%
64936Julia
94%
222370Aleksandra
92%
153037Wiktoria
90%
25558Zuzanna
90%
15714Zofia
89%
35261Hanna
86%
113732Maria
86%
391081Weronika
86%
44993Barbara
85%
103811Lena
85%
301734Natalia
85%
71412Katarzyna
84%
74440Oliwia
83%
84261Alicja
81%
63492Joanna
80%
81325Patrycja
80%
68437Paulina
80%
54979Maja
79%
51723Magdalena
78%
46887Karolina
77%
172847Iga
76%
64470Małgorzata
76%
133143Amelia
75%
66459Ewa
75%
74400Marta
74%
123188Emilia
73%
70421Urszula
71%
49811Agata
70%
68437Dominika
70%
54668Kinga
70%
202680Helena
69%
232220Gabriela
68%
261862Łucja
68%
47840Martyna
68%
371109Nikola
68%
94087Pola
68%
79340Daria
67%
45095Laura
67%
251927Kornelia
65%
182749Michalina
65%
143133Antonina
64%
311554Jagoda
64%
82307Klaudia
64%
91253Kamila
63%
291792Nadia
61%
401074Róża
61%
192720Marcelina
59%
85287Olga
59%
96236Dorota
58%
381102Nina
56%
59520Izabela
54%
361213Kaja
54%
43998Sara
53%
331467Milena
51%
93248Lilia
50%
99219Alina
49%
97224Jadwiga
49%
212523Klara
49%
65467Lidia
49%
52687Adrianna
48%
50756Eliza
46%
421039Aniela
44%
321472Lilianna
44%
57571Marianna
44%
271853Blanka
43%
341297Anastazja
42%
78345Nel
41%
98223Ada
39%
351217Mia
39%
411072Rozalia
39%
56594Wanda
39%
75374Ida
36%
77347Malwina
36%
162860Liliana
35%
281840Nela
34%
72406Apolonia
33%
60507Bianka
33%
83298Stefania
33%
58535Kalina
32%
62495Melania
31%
55640Gaja
28%
53678Aurelia
27%
88268Emma
27%
45968Matylda
26%
67457Zoja
26%
100211Marika
25%
61499Diana
24%
90260Jaśmina
23%
48821Liwia
23%
87272Luiza
23%
92249Lea
18%
73404Sofia
18%
95237Sofiia
17%
94244Lara
16%
88268Rita
16%
86277Elena
13%
84297Olivia
13%
80327Jagna
8%
76364Milana
7%

Rozkład punktacji

Percentyl według liczby udzielonych odpowiedzi

Procent ludzi z każdym wynikiem

Twoja historia wyników

Nie rozwiązałeś tego quizu